Cómo leer textos literarios: el equipaje del lector

Gardado en:
Detalles Bibliográficos
Autor Principal: Moreiro, Julián (autor)
Formato: Libro
Idioma:Lingua castelá
Publicado: Madrid Edaf 1996
Series:Autoaprendizaje
Subjects:
Tags: Engadir etiqueta
Sen Etiquetas, Sexa o primeiro en etiquetar este rexistro!

MARC

LEADER 00000nam a2200000 a 4500
001 UCO9494
003 CL-VaPUC
008 010302e19960000SP |||||||||||||||||spa|d
082 0 4 |a 401.41  |b MOR  |2 21 
100 |a Moreiro, Julián  |e autor  |9 454687 
245 1 0 |a Cómo leer textos literarios: el equipaje del lector 
300 |a 234 p 
942 |c BK 
945 |d 20010302 00:00:00  |a cmena 
260 |a Madrid  |b Edaf  |c 1996 
650 0 |a Análisis del discurso  |9 256696 
650 7 |a OBRAS LITERARIAS  |2 CL-VaPUC  |9 335030 
650 0 |a Interpretación literaria  |9 415895 
650 0 |a Semiótica  |9 265317 
650 0 |a Lingüística  |9 265068 
583 |a last modification  |c 20010302 00:00:00  |k Rodrigo Vera 
490 0 |a Autoaprendizaje 
999 |c 293699  |d 293697 
952 |0 0  |1 0  |4 0  |6 401_410000000000000_MOR_1996  |7 0  |8 A  |9 345394  |a FDOPOS  |b FDOPOS  |d 2019-11-20  |i 3689174  |o 401.41 MOR 1996  |p 3689174  |r 2025-01-22  |w 2019-11-20  |y BK  |k MLA